000
00393pam a2200145a 44500
008
230405s2015 xxu||||| |||| 00| 0 eng d
041
_a
MAR
100
_a
ए.आर. हरी
245
_a
पाणी एक अदभूत उपचारपद्धती
250
_a
2015
260
_a
Kolhapur
_b
Mehta Book Publications
_c
2015
300
_a
106
690
_a
COC
906
_a
18280
999
_c
308778
_d
308778